书目信息 |
| 题名: |
中华人民共和国气候图集
|
|
| 作者: | ;中央气象局 编制 | |
| 分册: | ||
| 出版信息: | 北京 地图出版社 1979 |
|
| 页数: | 226页 | |
| 开本: | 38cm | |
| 丛书名: | ||
| 单 册: | ||
| 中图分类: | P469.2 | |
| 科图分类: | ||
| 主题词: | 气候图--中国 | |
| 电子资源: | ||
| ISBN: | ||
| 000 | 00617nam0 2200217 45 | |
| 001 | 0179002483 | |
| 005 | 20061122110757.46 | |
| 010 | @b精装@dCNY60.00 | |
| 091 | @aCN@b12014.902 | |
| 100 | @a19950726d1979 em y0chiy0121 ea | |
| 101 | 0 | @achi |
| 102 | @aCN@b110000 | |
| 105 | @aa z 000yy | |
| 200 | 10 | @a中华人民共和国气候图集@Azhong hua ren min gong he guo qi hou tu ji@f中央气象局编制 |
| 210 | @a北京@c地图出版社@d1979 | |
| 215 | @a226页@d38cm | |
| 606 | @a气候图@y中国 | |
| 690 | @aP469.2@v3 | |
| 711 | 02 | @a中央气象局@Azhong yang qi xiang ju@4编制 |
| 801 | 0 | @aCN@bTSSF@c20061122 |
| 905 | @a10447@dP469.2@e33 | |
| 中华人民共和国气候图集/中央气象局编制.-北京:地图出版社,1979 |
| 226页;38cm |
| ISBN (精装):CNY60.00 |
| ● |
| 相关链接 |
|
|
|
|
正题名:中华人民共和国气候图集
索取号:P469.2/33
 
预约/预借
| 序号 | 登录号 | 条形码 | 馆藏地/架位号 | 状态 | 备注 |
| 1 | 0244459 | 000559283 | 第二样本阅览室/ [索取号:P469.2/33] | 在馆 |